Brand Spaces : Branded Architecture and the Future of retail Design /

Salvato in:
Dettagli Bibliografici
Autore principale: Borges, Sofia (Autore)
Natura: Libro
Lingua:inglese
Pubblicazione: Berlin : Gestalten, 2013
Edizione:1. vydanie
Soggetti:
Tags: Aggiungi Tag
Nessun Tag, puoi essere il primo ad aggiungerne!!

MARC

LEADER 00000nam a22000003a 4500
001 0071829
003 SK-STU
005 20200116154602.6
007 ta
008 190219s ----xo-----e------000-0-----d
020 |a 978-3-89955-477-9 
040 |a STU  |b slo 
041 0 |a eng 
044 |a gw 
100 1 |a Borges, Sofia  |4 aut 
245 1 0 |a Brand Spaces :  |b Branded Architecture and the Future of retail Design /  |c aut. Sofia Borges 
250 |a 1. vydanie 
260 |a Berlin :  |b Gestalten,  |c 2013 
300 |a 240 s. 
650 0 7 |a interiér 
650 0 7 |a obchod 
996 |b 284AU07864  |c A* 11123/U  |l AAKNAR  |s A  |a 24  |w 0071829_0001